| 000 | 00481nam a22001817a 4500 | ||
|---|---|---|---|
| 003 | OSt | ||
| 008 | 200715b ||||| |||| 00| 0 eng d | ||
| 082 | _a615.1901 GOT | ||
| 100 | _aGoyal, Anjali | ||
| 245 | _aText book of Pharmaceutical Analysis | ||
| 250 | _a2019 | ||
| 260 |
_aNew Delhi _bBirla Publications Pvt. Ltd. _c2019 |
||
| 300 | _a204 | ||
| 650 | _aPharmaceutical Analysis and Quality Assurance | ||
| 700 | _aGarg Rajeev | ||
| 700 | _aKaur, Baljeet | ||
| 942 |
_2ddc _cBK |
||
| 999 |
_c8996 _d8996 |
||